000 00971nam a22002177a 4500
003 NALT
005 20251029090445.0
008 s2529 th tha d
040 _aNALT
041 _atha
050 _aHB 75
_bก34ว 2529
100 0 _aกนกศักดิ์ แก้วเทพ
_9980
245 1 0 _aวิธีวิทยาศึกษาสังคมไทย /
_cกนกศักดิ์ แก้วเทพ.
260 3 _aกรุงเทพฯ :
_bสถาบันวิจัยสังคม จุฬาลงกรณ์มหาวิทยาลัย,
_c2529
300 _a217 หน้า :
_bแผนภูมิ ;
650 4 _aเศรษฐศาสตร์การเมือง
_926681
_xรวมเรื่อง
651 4 _922038
_aไทย
_xภาวะสังคม
_xรวมเรื่อง
850 _aNALT
856 4 0 _uhttps://hdl.handle.net/20.500.14156/444308
942 _cRRB
_2lcc
999 _c1759
_d1759
998 _j4612
_k นางสาววัลยา พุ่มต้นวงค์